Liga Argentina de Fútbol - Top 4 (Profesional) - Estadísticas

Estadísticas generales
  • Esta prueba ha sido intentada 150 veces
    124 desde el último reinicio
  • La puntuación promedio es 26 de 34
Estadísticas de respuestas
% Correcto
Boca Juniors
100%
River Plate
99%
Independiente
98%
Racing (C)
98%
Racing Club
98%
Rosario Central
94%
Estudiantes (LP)
93%
Newells Old Boys
93%
San Lorenzo
93%
Vélez Sarsfield
92%
Lanús
91%
Talleres (C)
90%
Banfield
87%
Huracán
87%
Gimnasia y Esgrima (J)
86%
Gimnasia y Esgrima (LP)
86%
Argentinos Juniors
85%
Belgrano
85%
Platense
84%
Ferro Carril Oeste
79%
Chacarita Juniors
78%
Colón
77%
Quilmes
77%
Tigre
73%
Defensa y Justicia
72%
Godoy Cruz
72%
Unión (SF)
72%
Arsenal
71%
Atlético Tucumán
57%
Atlanta
44%
Olimpo
35%
Deportivo Español
24%
Temperley
24%
Deportivo Mandiyú
17%
No se encontraron pruebas coincidentes
Distribución de puntuación
Porcentaje de gente con cada puntuación
Porcentaje por número respondido
Historial de tus puntuaciones
No has intentado esta prueba desde el último reinicio